| 000 | 01262cam a22003257a 4500 | ||
|---|---|---|---|
| 001 | 6432 | ||
| 003 | FISKH | ||
| 005 | 20250430113901.0 | ||
| 008 | 120403s2013 flua 000 0 eng | ||
| 010 | _a 2012936781 | ||
| 020 | _a9781618101808 | ||
| 020 | _a9781618103130 | ||
| 040 |
_aDLC _cDLC _dDLC _beng |
||
| 050 | _aPZ7.G748 | ||
| 082 | _a823 | ||
| 100 | 1 | _aGreve, Meg. | |
| 245 | 1 | 0 |
_aHumpty Dumpty / _cby Meg Greve ; illustrated by Helen Poole. |
| 260 |
_aVero Beach : _bRourke Educational Media, _c2013. |
||
| 300 |
_a24 pages : _bcolor illustrations ; _c21 cm |
||
| 490 | 0 | _aLittle birdie books | |
| 505 | _aC | ||
| 520 | _aJuvenile Fiction. Juvenile Literature. HTML:A different take on the original nursery rhyme as Humpty's friends fall off chairs and all the kings horses and all the kings men cook them into something else such as eggnog, chocolate cake, or a poached egg. In the end, he learns that even though they are a different shape they are still his friends. | ||
| 521 | 8 |
_a100
_bLexile adjusted |
|
| 521 | 8 |
_aC
_bRaz-Plus |
|
| 650 |
_aCooking _vFiction |
||
| 700 | 1 |
_aPoole, Helen, _d1979- _eillustrator |
|
| 906 |
_a7 _bcbc _corignew _d4 _encip _f20 _gy-gencatlg |
||
| 942 |
_2ddc _cBK _n0 |
||
| 999 |
_c6432 _d6432 |
||